Carregant...

Techniques and applications of plasma chemistry /

Dades bibliogràfiques
Autor principal: Hollahan, John R., 1936-
Altres autors: Bell, Alexis T., 1942- (jt. auth.)
Format: Printed Book
Idioma:English
Publicat: New York : Wiley, [1974]
Matèries:
LEADER 01113pam a2200313 p 4500
008 740319s1974 nyua b 00110 eng
020 |a 0471406287 
035 |a (UTLAS)55069607 
040 |a DLC  |b eng  |c CaOONL 
050 0 |a TP156.P5  |b H64 
060 |a QC718 H733t 1974 
060 4 |a QC718 H733t 1974 
082 |a 660/.04/4 
082 0 0 |a 660/.04/4 
082 1 |a 660/.04/4 
100 1 0 |a Hollahan, John R.,  |d 1936- 
245 1 0 |a Techniques and applications of plasma chemistry /  |c Edited by John R. Hollahan [and] Alexis T. Bell. 
260 0 |a New York :  |b Wiley,  |c [1974] 
300 |a viii, 403 p. :  |b illus. ;  |c 23 cm. 
500 |a "A Wiley-Interscience publication." 
504 |a Includes bibliographies. 
546 |a English 
650 0 |a Plasma chemistry  |x Industrial applications. 
650 2 |a Gases. 
650 6 |a Plasmochimie  |x Applications industrielles. 
700 1 0 |a Bell, Alexis T.,  |d 1942-,  |e jt. auth. 
942 |2 ddc  |c BK 
999 |c 120126  |d 120126 
952 |0 0  |1 0  |2 ddc  |4 0  |6 541_042000000000000_HOL_T  |7 0  |9 131969  |a CHE  |b CHE  |c ST1  |d 1984-09-19  |i 3547  |l 0  |o 541.042 HOL/T  |p CHE3547  |r 2012-09-22  |y BK  |k USD 58.95